Laboratorio de física : guiones de las experiencias / J.C. González Molina ; coordinación, L. del Arco Vicente guiones de las experiencias / J.C. González Molina ; coordinación, L. del Arco Vicente
Descripción Física:
69 p. ; 30 cm
Otros Autores:
Arco Vicente, Luis del
Materias:
Física
MARC
| LEADER | 00000nam a2200000Ia 4500 | ||
|---|---|---|---|
| 001 | 1969 | ||
| 008 | 160829s1981 xx 000 0 cat d | ||
| 080 | |a C-1-536 | ||
| 100 | |a González Molina, J. C. |9 26425 | ||
| 245 | |a Laboratorio de física : |b guiones de las experiencias / J.C. González Molina ; coordinación, L. del Arco Vicente | ||
| 260 | |a Barcelona : |b Escuela Universitaria de Ingenieria Técnica Industrial, |c 1981 | ||
| 300 | |a 69 p. ; |c 30 cm | ||
| 650 | |a Física |9 29805 | ||
| 700 | 1 | |a Arco Vicente, Luis del |9 26426 | |
| 710 | 2 | |a Escola Universitària d'Enginyeria Tècnica Industrial de Barcelona |9 54317 | |
| 901 | |a Arxiu | ||
| 942 | |n 1 | ||
| 952 | |0 0 |1 0 |4 0 |6 C1536 |7 1 |9 43982 |a Arxiu |b Arxiu |d 2016-12-01 |l 0 |o C-1-536 |p 1969 |r 2016-12-01 00:00:00 |w 2016-12-01 |y ARXIU | ||
| 999 | |c 46562 |d 46562 | ||